Bisexual men in culture and society

I tiakina i:
Ngā taipitopito rārangi puna kōrero
Kaituhi matua: Beemyn, Brett
Ētahi atu kaituhi: Steinman, Erich
Hōputu: Pukapuka
Reo:Ingarihi
I whakaputaina: Routledge 2002
Ngā Tūtohu: Tāpirihia he Tūtohu
Kāore He Tūtohu, Me noho koe te mea tuatahi ki te tūtohu i tēnei pūkete!

MARC

LEADER 00000nam a2200000 4500
005 20240918183933.0
008 240731b |||||||| |||| 00| 0 eng d
020 |a 9781560232506 
040 |c GP 
100 |a Beemyn, Brett 
245 |a Bisexual men in culture and society 
260 |b Routledge  |c 2002 
700 |a Steinman, Erich 
942 |2 ddc  |c BK  |n 0 
952 |0 0  |1 0  |2 ddc  |4 0  |6 810_000000000000000_BEE  |7 1  |9 1747  |a RM  |b RM  |d 2024-07-31  |l 0  |o 810 BEE  |p 548  |r 2024-07-31 18:48:48  |w 2024-07-31  |y BK 
999 |c 1563  |d 1563